000
00306nam a2200133Ia 4500
008
220216s9999 xx 000 0 und d
100
_a
Solid tyre mould
245
0
_a
Band tyres
260
_b
IRI Transactions
_c
1928
300
_a
247-262
650
_a
Gardner T S
700
_a
Calendering
942
_c
JS
999
_c
54656
_d
54656